Normal view
MARC view
- Theater
Entry Topical Term
001 - CONTROL NUMBER
- control field: 3964
003 - CONTROL NUMBER IDENTIFIER
- control field: NUST
005 - DATE AND TIME OF LATEST TRANSACTION
- control field: 20170818103950.0
008 - FIXED-LENGTH DATA ELEMENTS
- fixed length control field: 170818|| aca||aabn | a|a d
040 ## - CATALOGING SOURCE
- Original cataloging agency: NUST
- Transcribing agency: NUST
150 ## - HEADING--TOPICAL TERM
- Topical term or geographic name entry element: Theater
- Geographic subdivision: Pakistan
- Geographic subdivision: Balochistān
- General subdivision: History
- Chronological subdivision: 20th century.
670 ## - SOURCE DATA FOUND
- Source citation: Work cat.: (NUST)0: 880-01 Qāz̤ī, Faz̤lurraḥmān, 1935- 3963, Balūcistān men̲ asṭīj ḍarāme kī rivāyat /
